| 000 | 00481nam a2200181Ia 4500 | ||
|---|---|---|---|
| 003 | GCL | ||
| 008 | 140319s9999 xx 000 0 eng d | ||
| 040 |
_aGCL / _cGCL |
||
| 082 | 0 | 4 |
_a658.8 _bB M |
| 100 | 1 | _aBEARDEN, WILHAM, O | |
| 245 | 1 | 0 |
_aMARKETING : PRINCIPLES AND PERSPECTIVES / _cBEARDEN, WILHAM, O |
| 700 | 1 | _aINGRAM, THONAS N | |
| 700 | 1 | _aLA FARGE, RAYMANDW | |
| 260 |
_a[S.N] : _bRICHARD IRWIN ، _c1995 |
||
| 300 | _a623 | ||
| 650 | 0 | 4 | _aMARKETING |
| 942 |
_2ddc _cBK |
||
| 999 |
_c10727 _d10727 |
||